Statystyki dla Test wyboru - polscy piłkarze - mistrzowie kraju. #3

Kliknij tutaj aby rozwiązać quiz!

Ogólne statystyki

  • Ten quiz został rozwiązany 23 razy
  • Średni wynik to 7 z 10

Statystyki odpowiedzi

ZagadnienieOdpowiedź% Poprawnych
Lech Poznań 2010; Borussia Dortmund 2011, 2012; Bayern Monachium 2015, 2016, 217, 2018, 2019, 2020, 2021, 2022; FC Barcelona 2023.Robert Lewandowski
100%
Ruch Chorzów 1989; Panathinaikos 1990, 1991, 1995, 1996, 2004.Krzysztof Warzycha
87%
Legia W-wa 2017; Feyenord Rotterdam 2023.Sebastian Szymański
87%
Anderlecht 2004, 2006; Olympiakos Pirues 2008, 2009; Legia W-wa 2013.Michał Żewłakow
78%
ŁKS Łódź 1998; Wisła Kraków 2004, 2005.Tomasz Kłos
74%
Lech Poznań 1993; Olympique Lyon 2002.Jacek Bąk
65%
Wisła Kraków 2001, 2003, 2004, 2005, 2008, 2009, 2011; Celtic Glasgow 2012.Paweł Brożek
65%
FC Porto 2008; Śląsk Wrocław 2012.Przemysław Kaźmierczak
57%
Śląsk Wrocław 1977; Widzew Łódź 1981, 1982.Władysław Żmuda
57%
Legia W-wa 1994, 1995; Widzew Łódź 1997; Maccabi Hajfa 2001; Apollon Limasol 2006.Radosław Michalski
39%

Rozkład punktacji

Percentyl według liczby udzielonych odpowiedzi

Procent ludzi z każdym wynikiem

Twoja historia wyników

Nie rozwiązałeś tego quizu